Tariff pass-through at the border and at the store: Evidence from us trade policy (Record no. 518031)

000 -LEADER
fixed length control field 01131nam a22001457a 4500
008 - FIXED-LENGTH DATA ELEMENTS--GENERAL INFORMATION
fixed length control field 210810b ||||| |||| 00| 0 eng d
100 ## - MAIN ENTRY--PERSONAL NAME
Personal name Cavallo, Alberto
245 ## - TITLE STATEMENT
Title Tariff pass-through at the border and at the store: Evidence from us trade policy
260 ## - PUBLICATION, DISTRIBUTION, ETC. (IMPRINT)
Place of publication, distribution, etc The American Economic Review: Insights
300 ## - PHYSICAL DESCRIPTION
Extent 3(1), Mar, 2021: p.19-34
520 ## - SUMMARY, ETC.
Summary, etc We use microdata collected at the border and the store to characterize the price impact of recent US trade policy on importers, exporters, and consumers. At the border, import tariff pass-through is much higher than exchange rate pass-through. Chinese exporters did not lower their dollar prices by much, despite the recent appreciation of the dollar. By contrast, US exporters significantly lowered prices affected by foreign retaliatory tariffs. In US stores, the price impact is more limited, suggesting that retail margins have fallen. Our results imply that, so far, the tariffs' incidence has fallen in large part on US firms. – Reproduced
773 ## - HOST ITEM ENTRY
Main entry heading The American Economic Review: Insights
906 ## - LOCAL DATA ELEMENT F, LDF (RLIN)
Subject DIP TRADE POLICY - UNITED STATES
942 ## - ADDED ENTRY ELEMENTS (KOHA)
Item type Articles
Holdings
Withdrawn status Lost status Source of classification or shelving scheme Damaged status Not for loan Permanent location Current location Date acquired Serial Enumeration / chronology Barcode Date last seen Koha item type
          Indian Institute of Public Administration Indian Institute of Public Administration 2021-08-10 3(1), Mar, 2021: p.19-34 AR125236 2021-08-10 Articles

Powered by Koha